000
00237nam a2200097Ia 4500
008
200302s9999 xx 000 0 und d
100
_a
Anupam bansal and Other
245
_a
Architectural map/Delhi
260
_b
Dom Publishrs
260
_c
2013
999
_c
6957
_d
6957